000 00488nam a2200181Ia 4500
005 20250508161652.0
008 008 250505s9999 xx 000 0 eng d
037 _aTextual
040 _aFEDL
_beng
_cFEDL
041 _aeng
_2eng
084 _a500, BRO
_qFEDL
100 _aBrooks Stewart M
_9771267
245 0 _aIntegrated basic science
260 _aSaint Louis
_bC V Mosby Company
_c1970
300 _a508p.
942 _cTEXL
_h500, BRO
999 _c1371449
_d1371449